| 000 | 00537nac a22001451u 4500 | ||
|---|---|---|---|
| 008 | 080904s2000 ua|||||r|| 000 0aara d | ||
| 082 |
_a189.09262 _bب د و _222 |
||
| 100 |
_aبدوي،عبد الرحمن _916353 |
||
| 245 |
_aسيرة حياتي / _cعبد الرحمن بدوي. |
||
| 260 |
_aبيروت: _bالمؤسسة العربية للتجارة والنشر ،2000. _c2000. |
||
| 300 |
_aمج 1 : _c24 سم . |
||
| 511 | _aCatalogued by: Sara | ||
| 541 |
_aألف باء ؛ _cشراء ؛ |
||
| 942 |
_cBB _k189.092 62ب د و _2ddc |
||
| 999 |
_c5907 _d5907 |
||